STUDIES ON THREATENED PLANT SPECIES IN EGYPT : WOODY PERENNIALS /
محفوظ في:
المؤلف الرئيسي:
التنسيق: كتاب
اللغة: Undetermined
منشور في:
1990
الوسوم: إضافة وسم
لا توجد وسوم, كن أول من يضع وسما على هذه التسجيلة!
رقم الطلب: THESIS 44
| LEADER | 00350nam a2200109Ia 4500 | ||
|---|---|---|---|
| 008 | 231023s9999||||xx |||||||||||||| ||und|| | ||
| 050 | 4 | |a THESIS 44 | |
| 100 | 0 | |a Ahmed Gamal El-Din Mohamed Fahmy | |
| 245 | 1 | 0 | |a STUDIES ON THREATENED PLANT SPECIES IN EGYPT : WOODY PERENNIALS / |c Ahmed Gamal El-Din Mohamed Fahmy. |
| 264 | 1 | |c 1990 | |
| 942 | |2 lcc |c THESES | ||
| 999 | |c 54856 |d 54856 | ||
